| 000 | 01567nam a2200385 c 4500 | ||
|---|---|---|---|
| 999 |
_c130128 _d130128 |
||
| 003 | BLK | ||
| 005 | 20250711093920.0 | ||
| 008 | 180409b bul|||||r ||||||| ||bul|| | ||
| 010 | _aKNG00135880000 | ||
| 020 | _a978-954-357-183-3 | ||
| 040 | _aBLK | ||
| 041 |
_aBUL _cBUL |
||
| 072 | 7 |
_2bullib _aН85 _xДетска художествена литература Н |
|
| 080 |
_aАвстрийска литература _b821.112(436) _x-93-91 _z821.112(436)-93-91 |
||
| 100 | 1 |
_aЛехнер, Аугусте _eпърви автор _9372277 |
|
| 139 |
_aЛехнер, Аугусте _bЛ 51 |
||
| 245 | 1 | 0 |
_aИлиада _bГибелта на Троя _cАугусте Лехнер; адапт. по Омир; прев. от нем. Борис Парашкевов; ил. Пламена Тодорова. |
| 257 | _aAUT | ||
| 260 |
_bЕМАС _c2009 _fСофия : Димитър Благоев _aСофия |
||
| 300 |
_a255 с. _bс ил. _c22 см |
||
| 380 | _aDX | ||
| 490 |
_aКласически творби, преразказани за деца _9203673 |
||
| 500 | _aОриг. загл. Ilias / Auguste Lechner. | ||
| 659 | _aН | ||
| 700 | 1 |
_aОмир _eадапт. по _9104719 |
|
| 700 | 1 |
_aПарашкевов, Борис _eпрев. от нем. _9368147 |
|
| 700 | 1 |
_aТодорова, Пламена _eил. _9366779 |
|
| 852 | _aЦб 256992 | ||
| 856 | 4 | _qpdf | |
| 856 | 4 | _qpdf | |
| 942 |
_cKNG _n0 _08 _s1 |
||
| 944 |
_aCR _c06.11.2012 _k30551 _lБояна Костадинова |
||
| 944 |
_aED _c19.04.2013 |
||
| 999 | _d130128 | ||